Sanat: Lähetyssaarnaaja, Dingo - Statistics

Yleistilastot
  • Tätä visaa on pelattu 55 kertaa
  • Keskiarvotulos 73 / 116
Vastaustilastot
Vastaus % Oikein
98%
98%
Ja
90%
ja
90%
kanssa
90%
lähetyssaarnaaja
90%
rakastelen
90%
taas
90%
Kanssas
88%
kanssas
88%
avaimen
85%
sellissä
85%
särkyneet
83%
heitän
80%
rintaa
80%
sydämmet
80%
Tässä
80%
ristikon
78%
repii
75%
ristikon
75%
taakse
75%
heikkoo
70%
Minä
70%
riutuu
70%
maailman
68%
kanteen
65%
saavuin
65%
kaipaus
63%
rannikoilta
63%
kirjoittaa
60%
riutuu
60%
tupakkiaskin
60%
kun
58%
lähetyssaarnaajan
58%
kastelluilta
50%
kallioilta
48%
loppuu
48%
tummuu
48%
häntä
45%
ilta
45%
viineillä
45%
vuosikerta
45%
ajatuksissa
40%
jossa
40%
kunnes
40%
poistun
40%
rakastaa
40%
Tuhoon
40%
tuomittu
40%
aallot
38%
asti
38%
hetkeksi
38%
houraillen
38%
josta
38%
loppuun
38%
lujaa
38%
murtuu
38%
odottaa
38%
Petolinnut
38%
saalista
38%
selliin
38%
silmät
38%
hiipii
35%
rantaan
35%
suljen
35%
Vapaus
35%
kuljen
33%
piirtää
33%
laineet
28%
liplattaa
28%
Lyijykynä
28%
alla
25%
joka
25%
tekstin
23%
notkuu
20%
Suuren
18%
Takakansi
18%
Satumaailman
13%
askista
8%
Ehtoja vastaavia visoja ei löytynyt
Tulosjakauma
Jokaisen tuloksen saaneiden osuus
Persentiili vastausten määrän mukaan
Tuloshistoriasi
Et ole pelannut tätä visaa